00526nam a22001455i 450000500170000002000180001708200220003510000320005724500860008926000400017530000180021594200120023399900190024595201160026420260617162308.0 a9789361318283 a320.540 954 CHA/N aChakrabarthy, Bidyut91640000aNationalism in India :bmultiple dimensions and ideologies /cBidyut Chakrabarty. a. - New Delhib: Bloomsburryc,2025 aix, 283 pages 2ddccBK c760736d760736 00102ddc4070aPOLbPOLcGENd2025-09-02l0o320.540 954 CHA/NpPOL23822r2026-06-17 16:24:25w2026-06-17yBK